Tous les club ayant perdu une finale d'Europa League - Statistiques

Statistiques générales
  • Ce quiz a été pris 52 fois
    5 depuis la dernière actualisation
  • Le résultat moyen est 25 sur 55
Statistiques - réponses
Année Club Pays % Correct
2018 Olympique de Marseille France
100%
2004 Olympique de Marseille France
100%
1999 Olympique de Marseille France
100%
1990 ACF Fiorentina Italie
80%
1991 AS Roma Italie
80%
2024 Bayer Leverkusen Allemagne
80%
2003 Celtic Football Club Ecosse
80%
2020 Inter Milan Italie
80%
1997 Inter Milan Italie
80%
2025 Manchester United Angleterre
80%
2021 Manchester United Angleterre
80%
2022 Rangers FC Ecosse
80%
2008 Rangers FC Ecosse
80%
2026 SC Fribourg Allemagne
80%
2014 SL Benfica Portugal
80%
2013 SL Benfica Portugal
80%
1983 SL Benfica Portugal
80%
2017 Ajax Amsterdam Pays-Bas
60%
2019 Arsenal Angleterre
60%
2000 Arsenal Angleterre
60%
2016 Liverpool FC Angleterre
60%
2015 SK Dnipro-1 Ukraine
60%
2023 AS Roma Italie
40%
1979 Étoile rouge de Belgrade Serbie
40%
2010 Fulham FC Angleterre
40%
1996 Girondins de Bordeaux France
40%
1982 Hambourg SV Allemagne
40%
1995 Juventus FC Italie
40%
1998 Lazio Rome Italie
40%
2006 Middlesbrough FC Angleterre
40%
2011 SC Braga Portugal
40%
2005 Sporting CP Portugal
40%
1974 Tottenham Hotspur Angleterre
40%
2009 Werder Brême Allemagne
40%
1986 1. FC Cologne Allemagne
20%
2012 Athletic Club Bilbao Espagne
20%
1977 Athletic Club Bilbao Espagne
20%
1981 AZ Alkmaar Pays-Bas
20%
2002 BVB Dortmund Allemagne
20%
1993 BVB Dortmund Allemagne
20%
2001 Deportivo Alavés Espagne
20%
1975 FC Twente Pays-Bas
20%
2007 RCD Espanyol de Barcelona Espagne
20%
1988 RCD Espanyol de Barcelona Espagne
20%
1994 Red Bull Salzbourg Autriche
20%
1978 SC Bastia France
20%
1992 Torino FC Italie
20%
1989 VfB Stuttgart Allemagne
20%
1980 Borussia Mönchengladbach Allemagne
0%
1973 Borussia Mönchengladbach Allemagne
0%
1976 Club Bruges KV Belgique
0%
1987 Dundee United Ecosse
0%
1985 Fehérvár FC Hongrie
0%
1984 RCV Anderlecht Belgique
0%
1972 Wolverhampton FC Angleterre
0%
Aucun quiz correspondant
Distribution des résultats
% des personnes avec chaque résultat
Percentile par nombre de réponses
Votre historique - résultats
Vous n’avez pas pris ce quiz depuis la dernière actualisation